Co si beru na cestu a koho na ní potkám : teorie a praxe současné migrace / kolektiv autorů
Record details
- ISBN: 978-80-261-1279-2
- Physical Description: vii, 136 stran : ilustrace (převážně barevné) ; 21 cm
- Edition: První vydání
- Publisher: Plzeň : Západočeská univerzita v Plzni, 2024
Content descriptions
| General Note: | "Fakulta pedagogická Západočeské univerzity v Plzni"--Rub titulní stránky |
| Bibliography, etc. Note: | Obsahuje bibliografii, bibliografické odkazy a rejstříky |
| Language Note: | České a anglické resumé |
Search for related items by subject
| Genre: | metodické příručky methodological manuals |
Available copies
- 1 of 1 copy available at Common Catalog SPOK.
Holds
- 0 current holds with 1 total copy.
Show Only Available Copies
| Location | Call Number / Copy Notes | Barcode | Shelving Location | Status | Due Date |
|---|---|---|---|---|---|
| Jabok Library | Soc-6.1/F | 424480047019 | Odborná literatura | Novinky | - |
| LDR | 02468nam a2200625 i 4500 | ||
|---|---|---|---|
| 001 | 58594 | ||
| 003 | CZ-PrJAB | ||
| 005 | 20250422060949.0 | ||
| 007 | ta | ||
| 008 | 250212s2024 xr a f f 001 0 cze | ||
| 015 | . | ‡acnb003672430 | |
| 020 | . | ‡a978-80-261-1279-2 ‡q(brožováno) | |
| 035 | . | ‡a(CZ PrSKC)nkc20253672430 | |
| 040 | . | ‡aBOA001 ‡bcze ‡erda | |
| 041 | 0 | . | ‡acze ‡bcze ‡beng |
| 043 | . | ‡ae-xr--- ‡ae-un--- | |
| 072 | 7. | ‡a37.016 ‡xUčební osnovy. Vyučovací předměty. Učebnice ‡2Konspekt ‡922 | |
| 080 | . | ‡a37.091.3.011.33 ‡2MRF | |
| 080 | . | ‡a303.422 ‡2MRF | |
| 080 | . | ‡a314.15-026.44 ‡2MRF | |
| 080 | . | ‡a314.15-026.48 ‡2MRF | |
| 080 | . | ‡a316.732 ‡2MRF | |
| 080 | . | ‡a314.15-026.49 ‡2MRF | |
| 080 | . | ‡a(437.3) ‡2MRF | |
| 080 | . | ‡a(477) ‡2MRF | |
| 080 | . | ‡a(072) ‡2MRF | |
| 245 | 0 | 0. | ‡aCo si beru na cestu a koho na ní potkám : ‡bteorie a praxe současné migrace / ‡ckolektiv autorů |
| 246 | 1 | 8. | ‡aCo si beru na cestu a koho na ní potkám: teorie a praxe současné migrace |
| 250 | . | ‡aPrvní vydání | |
| 264 | 1. | ‡aPlzeň : ‡bZápadočeská univerzita v Plzni, ‡c2024 | |
| 300 | . | ‡avii, 136 stran : ‡bilustrace (převážně barevné) ; ‡c21 cm | |
| 336 | . | ‡atext ‡btxt ‡2rdacontent | |
| 337 | . | ‡abez média ‡bn ‡2rdamedia | |
| 338 | . | ‡asvazek ‡bnc ‡2rdacarrier | |
| 500 | . | ‡a"Fakulta pedagogická Západočeské univerzity v Plzni"--Rub titulní stránky | |
| 504 | . | ‡aObsahuje bibliografii, bibliografické odkazy a rejstříky | |
| 546 | . | ‡aČeské a anglické resumé | |
| 650 | 0 | 7. | ‡aprůřezová témata (pedagogika) ‡7ph794956 ‡2czenas |
| 650 | 0 | 7. | ‡abiografická metoda ‡7ph118894 ‡2czenas |
| 650 | 0 | 7. | ‡amezinárodní migrace ‡7ph122809 ‡2czenas |
| 650 | 0 | 7. | ‡aimigrace ‡7ph137595 ‡zČesko ‡2czenas |
| 650 | 0 | 7. | ‡aakulturace ‡7ph195465 ‡zČesko ‡2czenas |
| 650 | 0 | 7. | ‡aemigrace ‡7ph137593 ‡zUkrajina ‡2czenas |
| 650 | 0 | 9. | ‡across-curricular themes (pedagogy) ‡2eczenas |
| 650 | 0 | 9. | ‡abiographical method ‡2eczenas |
| 650 | 0 | 9. | ‡ainternational migration ‡2eczenas |
| 650 | 0 | 9. | ‡aimmigration ‡zCzechia ‡2eczenas |
| 650 | 0 | 9. | ‡aacculturation ‡zCzechia ‡2eczenas |
| 650 | 0 | 9. | ‡aemigration ‡zUkraine ‡2eczenas |
| 655 | 7. | ‡ametodické příručky ‡7fd132826 ‡2czenas | |
| 655 | 9. | ‡amethodological manuals ‡2eczenas | |
| 700 | 1 | . | ‡iNavazuje na: ‡aFritzová, Marie. ‡tInterkulturalita a národnostní menšiny v teorii i praxi |
| 710 | 2 | . | ‡aZápadočeská univerzita. ‡bPedagogická knihovna ‡7kn20060430021 ‡4pbl |
| 910 | . | ‡aABG312 | |
| 995 | . | ‡aska | |
| 901 | . | ‡a58594 ‡bCZ PrSKC ‡c58594 ‡tbiblio | |